书目信息 |
| 题名: |
模糊智能控制
|
|
| 作者: | 冯冬青 编著 | |
| 分册: | ||
| 出版信息: | 北京 化学工业出版社 1998.09 |
|
| 页数: | 202页 | |
| 开本: | 16开 | |
| 丛书名: | ||
| 单 册: | ||
| 中图分类: | TP13 | |
| 科图分类: | ||
| 主题词: | 自动控制理论 | |
| 电子资源: | ||
| ISBN: | 7-5025-2289-1 | |
| 000 | 00555nam0 2200193 45 | |
| 001 | 0010071704 | |
| 005 | 20001116204816.9 | |
| 010 | @a7-5025-2289-1@d22.00元 | |
| 100 | @a20001007d1998 km y0chiy0120 ea | |
| 101 | 0 | @achi |
| 105 | @a z 000yy | |
| 200 | 1 | @a模糊智能控制@AMo Hu Zhi Neng Kong Zhi@f冯冬青等编著@FFeng Dong Qing Deng Bian Zhu |
| 210 | @a北京@c化学工业出版社@d1998.09 | |
| 215 | @a202页@d16开 | |
| 606 | 0 | @a自动控制理论 |
| 690 | @aTP13@v3 | |
| 701 | 0 | @a冯冬青@4编著 |
| 801 | @aCN@bPftUser@c20001007 | |
| 905 | @dTP13@eF676@b410804-813@f10 | |
| 模糊智能控制/冯冬青等编著.-北京:化学工业出版社,1998.09 |
| 202页;16开 |
| ISBN 7-5025-2289-1:22.00元 |
| ● |
| 相关链接 |
|
|
|
正题名:模糊智能控制
索取号:TP13/F676
 
预约/预借
| 序号 | 登录号 | 条形码 | 馆藏地/架位号 | 状态 | 备注 |
| 1 | 410804 | 204108045 | 自科二线504/504自科库 1排1列1层/ [索取号:TP13/F676] | 在馆 | |
| 2 | 410805 | 204108054 | 自科二线504/504自科库 7排1列3层/ [索取号:TP13/F676] | 在馆 | |
| 3 | 410806 | 204108063 | 自科二线504/504自科库 7排1列3层/ [索取号:TP13/F676] | 在馆 | |
| 4 | 410807 | 204108072 | 自科库301/301自科库 101排3列2层/ [索取号:TP13/F676] | 在馆 | |
| 5 | 410808 | 204108081 | 自科二线504/504自科库 1排1列1层/ [索取号:TP13/F676] | 在馆 | |
| 6 | 410809 | 204108090 | 自科库301/301自科库 33排3列5层/ [索取号:TP13/F676] | 在馆 | |
| 7 | 410810 | 204108107 | 自科二线504/504自科库 7排1列3层/ [索取号:TP13/F676] | 在馆 | |
| 8 | 410811 | 204108116 | 自科库301/301自科库 101排3列2层/ [索取号:TP13/F676] | 在馆 | |
| 9 | 410812 | 204108125 | 自科二线504/504自科库 1排4列1层/ [索取号:TP13/F676] | 在馆 | |
| 10 | 410813 | 204108134 | 自科二线504/504自科库 1排1列1层/ [索取号:TP13/F676] | 在馆 |